000 00311nam a2200109Ia 4500
008 201210s9999 xx 000 0 und d
100 _aHarbord, Rev. J.B.
245 0 _aGlossary of Navigation; A Vade mecum for practical navigators
260 _aGlasgow
_bBrown Son & Ferguson
_c1977
300 _a451
942 _cBK
999 _c5237
_d5237